000 00681nam a2200241Ia 4500
003 OSt
005 20221007063234.0
006 a|||||r|||| 00| 0
007 ta
008 221006b |||||||| |||| 00| 0 eng d
024 _a25,840
037 _cReports / Technical Reports
040 _aFLL
_cFLL
_beng
041 _2eng
_aeng
082 _aX:9:Z2, J8
100 _aBarwell N.
_9341747
245 0 _aLaw relating to industrial disputes
260 _aBombay
_bOrient Longmans India
_c1958
300 _ax,164p
_ccm.
700 _a Kar S.S.
_9341748
942 _hX:9:Z2, J8
_cREP
_2CC
999 _c1130774
_d1130774